| 000 | 00760nam a2200193Ia 4500 | ||
|---|---|---|---|
| 008 | 151121s9999||||xx |||||||||||||| ||und|| | ||
| 082 | _a813/जोगळे | ||
| 082 | _bHNW-74376 | ||
| 100 | _aअनु- जोगळेकर प्रमोद ( प्रेस्टन रिचर्ड) | ||
| 245 | _aहॉट झोन | ||
| 260 | _b"मेहता प्रकाशन, पुणे।" | ||
| 260 | _c-- | ||
| 300 | _a305 | ||
| 600 | _aअनु- जोगळेकर प्रमोद ( प्रेस्टन रिचर्ड) | ||
| 630 | _aहॉट झोन | ||
| 700 | _aअनु- जोगळेकर प्रमोद ( प्रेस्टन रिचर्ड) | ||
| 730 | _aहॉट झोन | ||
| 942 | _cBOOK | ||
| 999 |
_c1255826 _d1255823 |
||